000 00939cam a22003017a 4500
003 CHAP
005 20220817041610.0
008 971013c19811974 r 00010 d
010 _a19239
011 _a20211
035 _a24299
040 _cCHAP
082 _a620.136
_bA55Y
110 _aAmerican Concrete Institute. Detroit, Mich.
_95234
245 0 _aGuía para el empleo de aditivos en el concreto; ACI-212
260 _aMéxico, D.F.,
_c1981(c.1974)
300 _a83 p
490 0 _aNueva serie. IMCYC
_v; 7
590 _aBATCH-UPD
_b10
_c20130110
_lUCH01
_h0309
590 _aBATCH-UPD
_b10
_c20130110
_lUCH01
_h1755
590 _aCONVERSION
_b10
_c20130109
_lUCH01
_h1312
650 1 4 _aConcreto.
_926302
710 0 _aInstituto Mexicano del Cemento y del Concreto.
_959264
830 0 _aNueva serie IMCYC
_v; 7
901 _aBK
942 _cLIBRO
949 _a620.136 A55Y
_bBC
_cLIBRO
_d33724000013835
_eLIBRO
_h58276
_i24299
_si
999 _c19239
_d19239